000 01780pam a2200385 a 4500
001 4065
003 FISKH
005 20240607095803.0
008 950209s1995 nyua j b 001 0 eng
010 _a 95007096
020 _a071676573X (hardcover)
020 _a9780070579347
040 _aDLC
_cDLC
_dDLC
_beng
042 _alcac
050 0 0 _aQH541.5.D4
_bS55 1995
082 0 0 _a574.5/2652
_220
100 1 _aSilver, Donald M.,
_d1947-
245 1 0 _aCactus desert /
_cby Donald M. Silver ; illustrated by Patricia J. Wynne.
260 _aNew York :
_bLearning Triangle Press,
_c1995.
300 _a48 pages :
_bcolor illustrations ;
_c23 cm
490 1 _aOne small square
504 _aIncludes bibliographical references (p. 48) and index.
505 _aO
520 _aIt's a sun-scorched world where clouds rarely come and nothing seems to move. That is, until children ages 6 - 9 up look a little closer to find tortoises, toads, and lizards, not to mention the scary rattlesnake and scorpion. Here, plants send their roots deep into the earth to find water, beetles stand on their head and shoot a stinky spray to fight off enemies, and roadrunners whiz by sleepy turtles and nervous desert mice on their way to ... where? Kids need only light clothes and a few simple pieces of equipment to explore the enchantments of cactus country.
521 8 _a600
_bLexile estimate
521 8 _aO
_bRaz-Plus
650 0 _aDesert ecology
_xJuvenile literature.
650 0 _aDesert ecology
_xStudy and teaching
_xActivity programs
_xJuvenile literature.
650 1 _aDesert ecology.
650 1 _aEcology.
700 1 _aWynne, Patricia,
_eillustrator
906 _a7
_bcbc
_corignew
_d1
_eocip
_f19
_gy-gencatlg
942 _2ddc
_cBK
_n0
999 _c4065
_d4065